00521 a2200157 4500010001400000020002300014035001300037037001500050082001700065100001900082245006800101260003800169270009900207300003700306500002000343 aENG-86160 a8173871833c650.00 aEN-69693 bDBAD / PUB14a639.979744281 aMitra, Sudipta1 aGir forest and the saga of the Asiatic lion /cby Sudipta Mitra aNew DelhibIndus Publishingc2005 aFS-5, Tagore GardenbNew Delhie110027k011-42133022, 011-42133622mindus@indus-publishing.com a254 p.c22cm. (Hb.)bcol. photos aIncludes index